[Event "Zadar Open"]
[Site "Zadar CRO"]
[Date "1995.??.??"]
[Round "?"]
[White "Andrijasevic, Momir"]
[Black "Rogulj, Branko"]
[Result "0-1"]
[WhiteElo "2295"]
[BlackElo "2425"]
[PlyCount "45"]
[EventDate "1995.??.??"]
[Source "www.chesslib.no"]
[SourceDate "2004.05.04"]

1. e4 Nf6 2. Nc3 e6 3. e5 Nd5 4. Nxd5 exd5 5. d4 d6 6. Nf3 Nc6 7. Bb5 Bd7 8. Bg5 Be7 9. Bxe7 Qxe7 10. Bxc6 Bxc6 11. O-O O-O-O 12. Re1 Bd7 13. Qd3 Be6 14. a4 g5 15. a5 g4 16. Nd2 h5 17. c4 dxe5 18. Rxe5 dxc4 19. Nxc4 Qb4 20. Rc1 a6 21. Rc5 Qxc5 22. dxc5 Rxd3 23. g3 0-1

[Event "It"]
[Site "Brno"]
[Date "2003.06.29"]
[Round "3"]
[White "Holemar, David"]
[Black "Vyskocil, Neklan"]
[Result "1/2-1/2"]
[WhiteElo "2337"]
[BlackElo "2381"]
[PlyCount "47"]
[EventDate "2003.06.28"]
[Source "Roberto Alvarez"]
[SourceDate "2003.07.14"]

1. e4 d5 2. Nc3 Nf6 3. e5 Nfd7 4. e6 fxe6 5. d4 c5 6. Bd3 Nf6 7. Nf3 Nc6 8. Bf4 a6 9. O-O cxd4 10. Ne2 g6 11. Nexd4 Nxd4 12. Nxd4 Bg7 13. Be5 Qb6 14. Qe2 O-O 15. c3 Bd7 16. Rae1 Nh5 17. Bxg7 Nxg7 18. f4 Qd6 19. g3 Rac8 20. Rf3 b5 21. a3 Rc5 22. Re3 Qb6 23. h4 Rf6 24. Kh2 1/2-1/2

[Event "Melbourne Black Opal"]
[Site "Melbourne"]
[Date "1998.01.17"]
[Round "6"]
[White "Rutherford, Simon"]
[Black "West, Guy"]
[Result "1/2-1/2"]
[WhiteElo "2305"]
[BlackElo "2410"]
[PlyCount "44"]
[EventDate "1998.01.12"]
[Source "ChessBase"]
[SourceDate "1998.03.09"]

1. e4 d5 2. exd5 Nf6 3. Nc3 Nxd5 4. Bc4 e6 5. Nf3 Nxc3 6. bxc3 Be7 7. O-O O-O 8. d4 Nd7 9. Qe2 b6 10. d5 Nc5 11. Nd4 Bd6 12. dxe6 Bxe6 13. Nxe6 fxe6 14. Bxe6+ Nxe6 15. Qxe6+ Kh8 16. Be3 Qh4 17. g3 Qa4 18. Qb3 Qg4 19. Rad1 Rae8 20. Qd5 Re5 21. Qc6 Ra5 22. Rd4 Qe6 1/2-1/2

[Event "Wisla BES Open"]
[Site "Wisla"]
[Date "1992.??.??"]
[Round "2"]
[White "Masternak, Grzegorz"]
[Black "Zolnierowicz, Krzysztof"]
[Result "1/2-1/2"]
[WhiteElo "2355"]
[BlackElo "2360"]
[PlyCount "55"]
[EventDate "1992.??.??"]
[Source "www.chesslib.no"]
[SourceDate "2004.05.04"]

1. e4 d5 2. exd5 Nf6 3. Nc3 Nxd5 4. Bc4 Nb6 5. Bb3 Nc6 6. Nf3 Bf5 7. O-O e6 8. d4 Be7 9. Bf4 O-O 10. d5 exd5 11. Nxd5 Nxd5 12. Qxd5 Qxd5 13. Bxd5 Nb4 14. Bxb7 Rab8 15. Nd4 Rxb7 16. Nxf5 Bf6 17. Rab1 Nxa2 18. Ne3 Bxb2 19. Bxc7 Nc3 20. Be5 Nxb1 21. Rxb1 Rfb8 22. Bxb8 Rxb8 23. c3 a5 24. Nc4 a4 25. Kf1 g6 26. Nxb2 a3 27. Ra1 axb2 28. Rb1 1/2-1/2

[Event "Eger"]
[Site "Eger"]
[Date "1996.??.??"]
[Round "9"]
[White "Vajda, Levente"]
[Black "Meszaros, Andras"]
[Result "1-0"]
[WhiteElo "2370"]
[BlackElo "2345"]
[PlyCount "73"]
[EventDate "1996.??.??"]
[Source "www.chesslib.no"]
[SourceDate "2004.05.04"]

1. e4 Nf6 2. Nc3 c5 3. e5 Ng8 4. Nf3 e6 5. d4 cxd4 6. Nxd4 Qc7 7. Bf4 a6 8. Ne4 Nc6 9. Nxc6 bxc6 10. Qd2 Rb8 11. c3 Nh6 12. Be2 Nf5 13. g4 Nh4 14. Bg3 Qd8 15. b4 Be7 16. Bxh4 Bxh4 17. g5 d5 18. Nd6+ Kd7 19. Nxf7 Qe7 20. Nxh8 Bxg5 21. Qd3 a5 22. Qxh7 axb4 23. Ng6 Qf7 24. Qh5 Bh6 25. Rb1 Ra8 26. Rxb4 Rxa2 27. O-O Rxe2 28. Qxe2 Qxg6+ 29. Kh1 Ke7 30. Ra1 Bd7 31. Ra7 Qg5 32. f4 Qf5 33. Rbb7 Ke8 34. Rxd7 Qb1+ 35. Kg2 Bxf4 36. Re7+ Kd8 37. Rad7+ 1-0

[Event "Opatija Hotel 8th"]
[Site "Kastav"]
[Date "2002.02.26"]
[Round "7"]
[White "Armanda, Ivica"]
[Black "Novak, Danijel"]
[Result "0-1"]
[WhiteElo "2334"]
[BlackElo "2376"]
[PlyCount "100"]
[EventDate "2002.02.22"]
[Source "ChessBase"]
[SourceDate "2002.03.14"]

1. e4 d5 2. exd5 Nf6 3. Nc3 Nxd5 4. Bc4 e6 5. Nf3 Be7 6. O-O O-O 7. d4 b6 8. Ne5 Bb7 9. Qf3 Nd7 10. Qg3 Nxc3 11. bxc3 Nxe5 12. dxe5 Kh8 13. Be3 c5 14. Qh3 Qc7 15. Bd3 g6 16. Bh6 Qxe5 17. Bxf8 Bxf8 18. Qg3 Bg7 19. Rad1 Rf8 20. Qxe5 Bxe5 21. Be2 Bc6 22. c4 Bd4 23. h3 Ba4 24. Rd2 Kg7 25. Bd1 Bc6 26. Rd3 Rd8 27. Ra3 a5 28. Bf3 Bxf3 29. Rxf3 f5 30. Rb3 Bf6 31. Rd3 Bd4 32. Rfd1 e5 33. Rb1 e4 34. Rdb3 Be5 35. Rxb6 Rd2 36. Rb7+ Kh6 37. R7b5 Bd4 38. Rf1 Rxc2 39. Rxa5 f4 40. Kh1 Bxf2 41. Ra6 e3 42. Re6 Rxa2 43. Re5 Rc2 44. Re4 Kg5 45. g4 f3 46. Rd1 Rd2 47. Rb1 e2 48. Kh2 e1=Q 49. Rbxe1 Bxe1+ 50. Kg1 Bg3 0-1

[Event "FRA-chT"]
[Site "FRA"]
[Date "1998.05.10"]
[Round "10"]
[White "Roos, Louis"]
[Black "Berend, Fred"]
[Result "1-0"]
[WhiteElo "2360"]
[BlackElo "2350"]
[PlyCount "59"]
[EventDate "1998.02.06"]
[Source "ChessBase"]
[SourceDate "1998.07.07"]

1. e4 d5 2. exd5 Nf6 3. Nc3 Nxd5 4. Bc4 Nb6 5. Bb3 c5 6. d3 Nc6 7. Qf3 e6 8. Nge2 Nd4 9. Nxd4 cxd4 10. Ne2 Be7 11. a4 a5 12. Bf4 O-O 13. O-O Bc5 14. Ng3 Bd6 15. Rfe1 Nd5 16. Bxd5 Bxf4 17. Qxf4 Qxd5 18. Re5 Qd6 19. Ne4 Qe7 20. Rb5 Ra6 21. Nd2 Rd8 22. Nb3 f6 23. Nxa5 e5 24. Qe4 Qc7 25. Nc4 b6 26. a5 Bb7 27. Qg4 f5 28. Qg3 f4 29. Qg5 bxa5 30. Rxb7 1-0

[Event "Oslo"]
[Site "Oslo"]
[Date "1985.??.??"]
[Round "?"]
[White "Wibe, Terje"]
[Black "Ostenstad, Berge"]
[Result "1-0"]
[WhiteElo "2380"]
[BlackElo "2330"]
[PlyCount "71"]
[EventDate "1985.03.??"]
[Source "ChessBase"]

1. e4 d5 2. exd5 Nf6 3. Nc3 Nxd5 4. Bc4 e6 5. Nf3 Be7 6. O-O O-O 7. d4 b6 8. Re1 Nxc3 9. bxc3 Nd7 10. Bf4 Bb7 11. Qe2 Bf6 12. Rad1 Qc8 13. Ng5 Bxg5 14. Bxg5 c5 15. Qg4 Re8 16. dxc5 Nf8 17. Bb5 Bc6 18. Bd3 bxc5 19. h4 c4 20. Bxc4 Qc7 21. h5 Bd5 22. Bf6 g6 23. Qg5 Nd7 24. hxg6 hxg6 25. Bxd5 exd5 26. Bd4 Qd6 27. Qh6 Nf6 28. g3 Re6 29. Kg2 Qf8 30. Qg5 Nh7 31. Rh1 f6 32. Qxg6+ Qg7 33. Qf5 Rd6 34. Bc5 Rd7 35. Rxd5 Rc7 36. Rhd1 1-0

[Event "Zalakaros Cup"]
[Site "?"]
[Date "2002.05.26"]
[Round "4"]
[White "Sergeev Vlastimil Stepanovi"]
[Black "Kreindl Helmut"]
[Result "1-0"]
[WhiteElo "2491"]
[BlackElo "2216"]
[PlyCount "165"]
[EventDate "2002.??.??"]
[Source "www.chesslib.no"]
[SourceDate "2004.05.04"]

1. e4 d5 2. exd5 Nf6 3. Nc3 Nxd5 4. Bc4 Nb6 5. Bb3 Nc6 6. Nf3 Bf5 7. d4 e6 8. O-O Be7 9. Ne2 Na5 10. Ng3 Bg6 11. Ne5 Nxb3 12. axb3 Nd5 13. c4 Nb4 14. Nxg6 hxg6 15. Be3 a6 16. f4 Qd7 17. Ne4 Rd8 18. Qe2 O-O 19. Rad1 Qc6 20. Bf2 Rd7 21. Nd2 Qd6 22. Nf3 Rdd8 23. Rd2 Bf6 24. Be3 Qc6 25. Re1 Rd7 26. Qd1 a5 27. g4 Rdd8 28. g5 Be7 29. Ne5 Qd6 30. Qf3 Nc6 31. Red1 Nxe5 32. fxe5 Qb4 33. Rd3 c6 34. Qf2 Rd7 35. Qd2 Rfd8 36. Qxb4 Bxb4 37. Kf2 Be7 38. Ke2 Bb4 39. h4 Kf8 40. Bf2 Ke7 41. Ke3 b6 42. Ke4 Rh8 43. d5 cxd5+ 44. cxd5 exd5+ 45. Rxd5 Rxd5 46. Rxd5 Bc5 47. Bxc5+ bxc5 48. Rxc5 Rxh4+ 49. Kd5 Rb4 50. Rxa5 Rxb3 51. Ra7+ Ke8 52. Ra2 Rb5+ 53. Kd6 Rb6+ 54. Kc5 Rb3 55. Kc4 Re3 56. Kd5 Rb3 57. Kd6 Rb6+ 58. Kc5 Rb3 59. Kc4 Re3 60. Kd5 Rb3 61. e6 fxe6+ 62. Kxe6 Rb6+ 63. Kd5 Rb3 64. Kc4 Rg3 65. Ra5 Rg4+ 66. Kc3 Rg3+ 67. Kb4 Rg4+ 68. Ka3 Kd7 69. Rc5 Kd6 70. b4 Rf4 71. Ka4 Rf5 72. Kb5 Kd7 73. Kb6 Rf4 74. Rc7+ Kd8 75. b5 Rf5 76. Rxg7 Rxg5 77. Kc6 Rg1 78. b6 Rc1+ 79. Kb7 Rg1 80. Ka8 Rb1 81. Rxg6 Kd7 82. Kb7 Rb2 83. Rg1 1-0

[Event "HUN-chT2 9495"]
[Site "HUN"]
[Date "1995.??.??"]
[Round "?"]
[White "Rosta, Sandor"]
[Black "Kustar, Sandor"]
[Result "0-1"]
[WhiteElo "2270"]
[BlackElo "2435"]
[PlyCount "58"]
[EventDate "1994.??.??"]
[Source "www.chesslib.no"]
[SourceDate "2004.05.04"]

1. e4 Nf6 2. Nc3 d6 3. g3 g6 4. Bg2 Bg7 5. d3 e5 6. Nf3 O-O 7. O-O Nbd7 8. h3 c6 9. Bd2 h6 10. Nh4 Nc5 11. Ne2 a5 12. Qe1 d5 13. exd5 Nxd5 14. a3 Re8 15. Nc3 Nf4 16. Qc1 Nxh3+ 17. Bxh3 Bxh3 18. Re1 g5 19. Nf3 Bg4 20. Nh2 Bh5 21. Ne4 Ne6 22. Bc3 f5 23. Nd2 Nd4 24. f3 Qd5 25. g4 fxg4 26. fxg4 Bg6 27. Ne4 Rf8 28. Bd2 Bxe4 29. dxe4 Qc4 0-1